[Event "Porto Mannu op"]
[Site "Porto Mannu"]
[Date "2008.05.23"]
[Round "8"]
[White "Deruda, Leonardo"]
[Black "Danieli, Enrico"]
[Result "1-0"]
[WhiteElo "1872"]
[BlackElo "2119"]
[PlyCount "117"]
[EventDate "2008.05.17"]
[EventType "swiss"]
[EventRounds "9"]
[EventCountry "ITA"]
[SourceTitle "CBM 124 Extra"]
[Source "ChessBase"]
[SourceDate "2008.07.03"]
[SourceVersion "1"]
[SourceVersionDate "2008.07.03"]
[SourceQuality "1"]

1. d4 Nf6 2. Nc3 d5 3. Bg5 e6 4. e4 dxe4 5. Nxe4 Be7 6. Bxf6 Bxf6 7. Nf3 0-0 8. c3 b6 9. Bd3 Bb7 10. h4 Nd7 11. Nfg5 h6 12. Qh5 Qe7 13. 0-0-0 c5 14. dxc5 Ne5 15. Bc2 Ng6 16. Rd7 Qxd7 17. Nxf6+ gxf6 18. Qxh6 Rfd8 19. Nh7 Qd2+ 20. Qxd2 Rxd2 21. Kxd2 Bxg2 22. Rh2 Rd8+ 23. Ke3 Bc6 24. cxb6 Ne5 25. Rh3 Nc4+ 26. Kf4 f5 27. Nf6+ Kg7 28. Kg5 Rd2 29. Bb3 Nxb6 30. h5 Rxf2 31. h6+ Kh8 32. Rd3 Rg2+ 33. Kf4 Nd5+ 34. Bxd5 exd5 35. Nxd5 Bxd5 36. Rxd5 Rxb2 37. Ra5 Rc2 38. Ra3 Kh7 39. Ra6 Rxc3 40. Kxf5 Rc7 41. a4 Rb7 42. a5 Rc7 43. Ke5 Rd7 44. Rf6 Rb7 45. a6 Rd7 46. Ke4 Kg8 47. Ke5 Kh7 48. Rc6 Re7+ 49. Kd5 Rd7+ 50. Kc5 Re7 51. Rf6 Rd7 52. Kc6 Re7 53. Kd6 Re1 54. Rxf7+ Kxh6 55. Rxa7 Rd1+ 56. Kc7 Ra1 57. Ra8 Kg6 58. Kb7 Rb1+ 59. Ka7 1-0

[Event "Bratto op-A 27th"]
[Site "Bratto"]
[Date "2007.08.30"]
[Round "8"]
[White "Danieli, Enrico"]
[Black "Miatello, Alberto"]
[Result "1/2-1/2"]
[WhiteElo "2117"]
[BlackElo "2062"]
[PlyCount "127"]
[EventDate "2007.08.23"]
[EventType "swiss"]
[EventRounds "9"]
[EventCountry "ITA"]
[SourceTitle "CBM 120 Extra"]
[Source "ChessBase"]
[SourceDate "2007.11.01"]
[SourceVersion "1"]
[SourceVersionDate "2007.11.01"]
[SourceQuality "1"]

1. d4 Nf6 2. Nf3 g6 3. Nc3 d5 4. Bf4 Bg7 5. e3 0-0 6. Be2 c5 7. dxc5 Qa5 8. Nd2 Qxc5 9. Nb3 Qb6 10. Be5 Be6 11. Nb5 Na6 12. Bd4 Qd8 13. Nxa7 Ne4 14. Bxg7 Kxg7 15. Nb5 f6 16. 0-0 Nd6 17. Nxd6 Qxd6 18. c3 Bf7 19. Qd2 Rfd8 20. Rfd1 e5 21. c4 Qe7 22. cxd5 Bxd5 23. Qe1 Nb4 24. Qf1 Nc2 25. Rac1 Nb4 26. Bc4 Bxc4 27. Qxc4 Rac8 28. Qb5 Rxc1 29. Rxc1 Nxa2 30. Ra1 Qb4 31. Qxb4 Nxb4 32. Kf1 Nc6 33. Ke2 Rd5 34. Rc1 Rb5 35. Rc3 e4 36. f4 exf3+ 37. Kxf3 Ne5+ 38. Ke4 g5 39. Kd4 Nc6+ 40. Kc4 Rb4+ 41. Kd5 Kg6 42. Kc5 h5 43. Rd3 h4 44. h3 Kh5 45. Kd6 Ne5 46. Rc3 Rc4 47. Ke6 Kg6 48. Nc5 Rb4 49. b3 Rb6+ 50. Kd5 Nf7 51. Nd3 Rd6+ 52. Ke4 f5+ 53. Kf3 Kh5 54. g4+ hxg3 55. Kxg3 Rc6 56. Rxc6 bxc6 57. b4 Kh6 58. Kf3 Kg7 59. Kg3 Kf6 60. h4 gxh4+ 61. Kxh4 Ne5 62. Nxe5 Kxe5 63. Kg5 Ke4 64. Kf6 1/2-1/2

[Event "Bratto op-A 27th"]
[Site "Bratto"]
[Date "2007.08.27"]
[Round "5"]
[White "Buono, Michele"]
[Black "Danieli, Enrico"]
[Result "0-1"]
[WhiteElo "2170"]
[BlackElo "2117"]
[PlyCount "142"]
[EventDate "2007.08.23"]
[EventType "swiss"]
[EventRounds "9"]
[EventCountry "ITA"]
[SourceTitle "CBM 120 Extra"]
[Source "ChessBase"]
[SourceDate "2007.11.01"]
[SourceVersion "1"]
[SourceVersionDate "2007.11.01"]
[SourceQuality "1"]

1. e4 c6 2. Nf3 d5 3. exd5 cxd5 4. Ne5 Nf6 5. d4 e6 6. c3 Nc6 7. Bb5 Qb6 8. Qa4 Bd7 9. Nxd7 Nxd7 10. 0-0 Bd6 11. Nd2 0-0 12. Nf3 Nf6 13. Bd3 h6 14. Rb1 Qc7 15. Re1 a6 16. Qc2 b5 17. Bd2 Rfc8 18. Qc1 Kf8 19. a3 Rab8 20. h3 Na5 21. Ne5 Nb3 22. Qd1 Nxd2 23. Qxd2 Bxe5 24. Rxe5 a5 25. Ree1 Ne8 26. Qe3 Nd6 27. Qf3 Kg8 28. Re2 Nc4 29. Ra1 b4 30. axb4 axb4 31. Bxc4 Qxc4 32. Ra7 Rc7 33. Qg3 Rbc8 34. Rxc7 Qxc7 35. Qxc7 Rxc7 36. Rc2 Rc4 37. f4 g5 38. fxg5 hxg5 39. Kf2 bxc3 40. bxc3 Kg7 41. Ke3 Ra4 42. Kd3 Kg6 43. Rf2 Ra1 44. Rc2 Rf1 45. Ke2 Rf4 46. Kd3 Kh5 47. c4 dxc4+ 48. Rxc4 Rf2 49. Ke3 Rxg2 50. Kf3 Rd2 51. Kg3 Rd3+ 52. Kg2 Kg6 53. Ra4 Kf5 54. Ra7 f6 55. Ra4 Ke4 56. Ra6 Kd5 57. Ra5+ Kxd4 58. Ra4+ Ke5 59. h4 gxh4 60. Rxh4 f5 61. Kf2 f4 62. Ke2 Ra3 63. Rh6 Kd5 64. Rh8 e5 65. Rb8 Ke4 66. Rb4+ Kf5 67. Rb8 Ra2+ 68. Ke1 e4 69. Rg8 e3 70. Rb8 Ke4 71. Rh8 Ra1+ 0-1

[Event "Bratto op-A 27th"]
[Site "Bratto"]
[Date "2007.08.24"]
[Round "2"]
[White "Danieli, Enrico"]
[Black "Di Lascio, Savino"]
[Result "1/2-1/2"]
[WhiteElo "2117"]
[BlackElo "2014"]
[PlyCount "113"]
[EventDate "2007.08.23"]
[EventType "swiss"]
[EventRounds "9"]
[EventCountry "ITA"]
[SourceTitle "CBM 120 Extra"]
[Source "ChessBase"]
[SourceDate "2007.11.01"]
[SourceVersion "1"]
[SourceVersionDate "2007.11.01"]
[SourceQuality "1"]

1. d4 Nf6 2. Nf3 e6 3. e3 b6 4. Bd3 Bb7 5. 0-0 Be7 6. b3 0-0 7. Bb2 d5 8. Nbd2 Nbd7 9. c4 Ne4 10. Qc2 f5 11. Ne5 Nxd2 12. Qxd2 Nxe5 13. dxe5 dxc4 14. bxc4 Qd7 15. Qe2 Rad8 16. Rad1 Qc6 17. f3 Bc5 18. Bc2 g5 19. Rd4 Bxd4 20. exd4 Qe8 21. d5 Qe7 22. Qe3 exd5 23. cxd5 Bxd5 24. e6 Rd6 25. Qe5 Bxe6 26. Re1 Qd7 27. Qh8+ Kf7 28. Qg7+ Ke8 29. Qxg5 Qf7 30. Ba4+ c6 31. Ba3 Kd7 32. Bxd6 Kxd6 33. Qf4+ Kd7 34. Rd1+ Bd5 35. Qe5 Kc8 36. Bc2 Kb7 37. a4 a5 38. Re1 Rd8 39. Bxf5 Bb3 40. Qe4 Rd1 41. Rxd1 Bxd1 42. Bxh7 Bxa4 43. Bg6 Qg7 44. h4 Bb3 45. h5 Bd5 46. Qf4 b5 47. Be4 Qd4+ 48. Kh2 a4 49. Qd6 a3 50. Qxa3 Qe5+ 51. Kg1 Bxe4 52. fxe4 Qd4+ 53. Kh2 Qe5+ 54. Kg1 Qxe4 55. Qg3 b4 56. h6 Ka6 57. Qg7 1/2-1/2

[Event "Veneto Region-ch"]
[Site "Arqua Petrarca"]
[Date "2006.05.06"]
[Round "1"]
[White "Dussin, Davide"]
[Black "Danieli, Enrico"]
[Result "0-1"]
[WhiteElo "1718"]
[BlackElo "2143"]
[PlyCount "66"]
[EventDate "2006.05.06"]
[EventType "swiss"]
[EventRounds "6"]
[EventCountry "ITA"]
[SourceTitle "EXT 2011"]
[Source "ChessBase"]
[SourceDate "2010.11.26"]
[SourceVersion "1"]
[SourceVersionDate "2010.11.26"]
[SourceQuality "1"]

1. d4 Nf6 2. c4 c5 3. Nf3 cxd4 4. Nxd4 e5 5. Nf3 Nc6 6. Nc3 Bc5 7. e3 0-0 8. Be2 d6 9. 0-0 a5 10. b3 Bf5 11. a3 Re8 12. Bb2 h6 13. Qd2 Qe7 14. Nd5 Qd8 15. Rfd1 Nxd5 16. cxd5 Ne7 17. b4 Bb6 18. Bc3 Be4 19. Bb5 Rf8 20. Bc4 Rc8 21. bxa5 Rxc4 22. axb6 Nxd5 23. Ba5 Rc2 24. Qe1 Bxf3 25. gxf3 Qg5+ 26. Kh1 Qh5 27. Rd2 Qxf3+ 28. Kg1 Rc4 29. Rad1 Rg4+ 30. Kf1 Ne7 31. Rxd6 Nf5 32. R6d5 Nh4 33. Rxe5 Rg1+ 0-1

[Event "Verona op 12th"]
[Site "Verona"]
[Date "2006.01.03"]
[Round "3"]
[White "Danieli, Enrico"]
[Black "Frigieri, Fabrizio"]
[Result "1/2-1/2"]
[WhiteElo "2163"]
[BlackElo "2060"]
[PlyCount "90"]
[EventDate "2006.01.02"]
[EventType "swiss"]
[EventRounds "9"]
[EventCountry "ITA"]
[SourceTitle "CBM 110 Extra"]
[Source "ChessBase"]
[SourceDate "2006.03.10"]
[SourceVersion "2"]
[SourceVersionDate "2006.03.10"]
[SourceQuality "1"]

1. d4 d5 2. Nf3 c6 3. e3 Nf6 4. Bd3 Bg4 5. 0-0 Nbd7 6. Nbd2 e5 7. dxe5 Nxe5 8. Be2 Nxf3+ 9. Bxf3 Bf5 10. b3 Bd6 11. Bb2 Qc7 12. g3 h5 13. Bxf6 gxf6 14. Bxh5 Bb4 15. Be2 Bh3 16. Re1 Qa5 17. Nf3 0-0-0 18. Nd4 Kb8 19. a3 Bxe1 20. Qxe1 Qc7 21. a4 f5 22. a5 a6 23. b4 f4 24. exf4 Rde8 25. Qc3 Rhg8 26. Qd2 Re4 27. f5 Qe5 28. c3 Re8 29. Ra2 Bxf5 30. Bf3 Re1+ 31. Kg2 Be4 32. Qxe1 Qxd4 33. cxd4 Bxf3+ 34. Kxf3 Rxe1 35. Rb2 Kc7 36. h4 Kd6 37. h5 f5 38. Kf4 Ke6 39. Kg5 Re4 40. Rd2 Rg4+ 41. Kh6 Kf6 42. Rd3 Rg8 43. Kh7 Rg7+ 44. Kh6 Rg8 45. Kh7 Rg7+ 1/2-1/2

[Event "Padova Weekend op-B 8th"]
[Site "Padova"]
[Date "2005.12.17"]
[Round "4.17"]
[White "Danieli, Enrico"]
[Black "Vaglio, Alessandro"]
[Result "1-0"]
[WhiteElo "2163"]
[BlackElo "1661"]
[PlyCount "48"]
[EventDate "2005.12.10"]
[EventType "swiss"]
[EventRounds "6"]
[EventCountry "ITA"]
[SourceTitle "EXT 2024"]
[Source "ChessBase"]
[SourceDate "2023.10.10"]
[SourceVersion "1"]
[SourceVersionDate "2023.10.10"]
[SourceQuality "1"]

1. d4 Nf6 2. Nf3 g6 3. Nc3 Bg7 4. e4 d6 5. Be2 0-0 6. Be3 Nbd7 7. 0-0 c5 8. h3 b6 9. e5 dxe5 10. dxe5 Ne8 11. e6 fxe6 12. Ng5 Nc7 13. Nxe6 Nxe6 14. Qd5 Rb8 15. Qxe6+ Kh8 16. Rad1 Nf6 17. Qe5 Nd7 18. Qg3 Qe8 19. Bb5 e5 20. Ne4 Qe6 21. Nd6 Nf6 22. Bc4 Qe7 23. Bg5 Rd8 24. Nf7+ Kg8 1-0